Things to do now that you're 60

Bibliographic Details
Main Author: Kent, Graeme
Format: Book
Published: London : MQ Publications , 2008
Subjects:

MARC

LEADER 00000cam a2200000 7i4500
001 0000121294
005 20080918.0
020 |a 9781840728101 
090 0 0 |a 158.1   |b KEN 
100 1 |a Kent, Graeme 
245 1 0 |a Things to do now that you're 60   |c Graeme Kent 
260 |a London :   |b MQ Publications ,   |c 2008 
300 |a 255p. ;   |c 17cm. 
650 0 0 |a Motivation and personality 
650 0 0 |a Self improvement 
999 |a 00213934   |b BUKU   |c PINJAMAN   |e PERPUSTAKAAN KOMUNITI PETALING JAYA